00662nam a2200205 a 4500001001000000003000900010005001700019008004100036040002500077082002400102100002900126245007900155260004000234300002700274500005500301650002400356650002600380650002700406700002300433000012200DO-SdBNP20240412074230.0091106s1977 dr a 000 p spa d aDO-SdBNPbspacBNPHU 4aRD861.44bP438a2221 aPérez N., Luis,d1930-10aAmalgama poética /cLuis Pérez N. ; presentación Rafael G. Santana. a[Santo Domingo] :b[s.n.],c[197?]. a60 p. :bil. ;c21 cm. aLa biblioteca posee 1a. parte de la publicación 4aPoesía dominicana 4aLiteratura dominicana 0aLiteratura dominicana.1 aSantana, Rafael G.